El despertar de la sombra /
Saved in:
| Hovedforfatter: | |
|---|---|
| Format: | Bog |
| Sprog: | Spanish Romanian |
| Udgivet: |
Madrid :
Editora Nacional,
1967.
|
| Serier: | Colección Prosistas españoles
|
| LEADER | 00618nam a2200193 a 4500 | ||
|---|---|---|---|
| 001 | c000192820 | ||
| 003 | CARM | ||
| 005 | 20021125001600.0 | ||
| 008 | 840903s1967 sp 00011 spa d | ||
| 019 | 1 | |a 2771883 | |
| 040 | |a NUN |c NUN | ||
| 041 | 1 | |a spa |h rum | |
| 082 | 1 | |a 859.3 |2 19 | |
| 100 | 1 | |a Horia, Vintilă. | |
| 245 | 1 | 3 | |a El despertar de la sombra / |c Vintilă Horia ; traducción del rumano por Antonio Iglesias Laguna. |
| 260 | |a Madrid : |b Editora Nacional, |c 1967. | ||
| 300 | |a 298 p. ; |c 22 cm. | ||
| 440 | 0 | |a Colección Prosistas españoles | |
| 999 | f | f | |i b0edb993-d88a-5090-8329-e77667ccce5e |s 5fd0c77b-426a-5460-805e-58e84e0aaffc |